000 00593nam a2200193 a 4500
005 20140412111310.0
008 010320s19uu xx 00 eng d
020 _a0-688-08745-0
050 _aER
_bOn1
100 _aLobel, Arnold
245 _aOn Market street /
_cpictures by Anita Lobel ; words by Arnold Lobel.
260 _aNew York :
_bMulberry Press,
_c1981.
300 _a1 v. (unp.) ; ill.
520 _aA child buys presents from A to Z in the shops along Market Street.
650 _aShopping - Fiction
650 _aAlphabet
650 _aStories in rhyme
999 _c103958
_d103958